<?xml version="1.0" encoding="UTF-8"?>
<record
    xmlns:xsi="http://www.w3.org/2001/XMLSchema-instance"
    xsi:schemaLocation="http://www.loc.gov/MARC21/slim http://www.loc.gov/standards/marcxml/schema/MARC21slim.xsd"
    xmlns="http://www.loc.gov/MARC21/slim">

  <leader>00840nam a22001817a 4500</leader>
  <controlfield tag="008">240912s2022    mx ||||| |||| 00| 0 spa d</controlfield>
  <datafield tag="020" ind1=" " ind2=" ">
    <subfield code="a">9786077135371</subfield>
  </datafield>
  <datafield tag="050" ind1=" " ind2=" ">
    <subfield code="a">RC498.G4 </subfield>
    <subfield code="b">P47 2022</subfield>
  </datafield>
  <datafield tag="100" ind1=" " ind2=" ">
    <subfield code="a">Perls, Fritz</subfield>
  </datafield>
  <datafield tag="245" ind1=" " ind2=" ">
    <subfield code="a">Terapia Gestalt</subfield>
    <subfield code="b">: Teor&#xED;a y pr&#xE1;ctica</subfield>
    <subfield code="c">/ Fritz Perls; una interpretaci&#xF3;n Patricia Baumgardner</subfield>
  </datafield>
  <datafield tag="260" ind1=" " ind2=" ">
    <subfield code="a">M&#xE9;xico</subfield>
    <subfield code="b">: Pax: Editorial terracota</subfield>
    <subfield code="c">, 2022</subfield>
  </datafield>
  <datafield tag="300" ind1=" " ind2=" ">
    <subfield code="a">219 p&#xE1;ginas</subfield>
  </datafield>
  <datafield tag="505" ind1=" " ind2=" ">
    <subfield code="a">Libro primero. Una interpretaci&#xF3;n
1. Fundamentos de la terapia Gestalt 
2. La labor del terapeuta 

Libro segundo. Teor&#xED;a y pr&#xE1;ctica, conferencias, memorias y transcripciones.
1. Las ense&#xF1;anzas 
2. La terapia </subfield>
  </datafield>
  <datafield tag="519" ind1=" " ind2=" ">
    <subfield code="a">Plan UNAM</subfield>
    <subfield code="b">/ Psicolog&#xED;a </subfield>
    <subfield code="c">/ Teor&#xED;as y sistemas terap&#xE9;uticos (1722)</subfield>
    <subfield code="d">(11 000161)</subfield>
  </datafield>
  <datafield tag="650" ind1=" " ind2=" ">
    <subfield code="a">PSICOTERAPIA GESTALT</subfield>
  </datafield>
  <datafield tag="650" ind1=" " ind2=" ">
    <subfield code="a">GESTALT (PSICOLOG&#xCD;A)</subfield>
  </datafield>
  <datafield tag="942" ind1=" " ind2=" ">
    <subfield code="2">lcc</subfield>
    <subfield code="c">LB</subfield>
  </datafield>
  <datafield tag="952" ind1=" " ind2=" ">
    <subfield code="0">0</subfield>
    <subfield code="1">0</subfield>
    <subfield code="2">lcc</subfield>
    <subfield code="4">0</subfield>
    <subfield code="7">0</subfield>
    <subfield code="a">11</subfield>
    <subfield code="b">11</subfield>
    <subfield code="d">2024-09-12</subfield>
    <subfield code="l">0</subfield>
    <subfield code="o">RC498.G4  P47 2022</subfield>
    <subfield code="p">11 000161</subfield>
    <subfield code="r">2024-09-12</subfield>
    <subfield code="t">1</subfield>
    <subfield code="w">2024-09-12</subfield>
    <subfield code="y">LB</subfield>
    <subfield code="f"></subfield>
  </datafield>
  <datafield tag="952" ind1=" " ind2=" ">
    <subfield code="0">0</subfield>
    <subfield code="1">0</subfield>
    <subfield code="2">lcc</subfield>
    <subfield code="4">0</subfield>
    <subfield code="7">0</subfield>
    <subfield code="a">11</subfield>
    <subfield code="b">11</subfield>
    <subfield code="d">2024-09-12</subfield>
    <subfield code="l">0</subfield>
    <subfield code="o">RC498.G4  P47 2022</subfield>
    <subfield code="p">11 000163</subfield>
    <subfield code="r">2024-09-12</subfield>
    <subfield code="t">2</subfield>
    <subfield code="w">2024-09-12</subfield>
    <subfield code="y">LB</subfield>
    <subfield code="f"></subfield>
  </datafield>
  <datafield tag="999" ind1=" " ind2=" ">
    <subfield code="c">228680</subfield>
    <subfield code="d">228680</subfield>
  </datafield>
</record>
